01464cam a2200373 a 4500952016700000999001700167001000900184003000400193005001700197008004100214010001700255020001500272020001800287025003400305035002200339037006300361040001900424042001000443043002100453050002300474082002200497100003200519245010300551260004200654300002100696504005100717520009200768650003800860650002800898650004000926651002900966906004500995942005001040 00102ddc40708SOCIAL SCIENCEaMESbMEScSOCIAL SCIENCEd2019-02-20g425.00l2o305.800954 NAM/Cp32024r2020-01-06 00:00:00s2020-01-03w2019-02-20yBKzGL41R4 c21168d2116813324983OSt20200616095842.0030623s2003 ii b 001 0 eng  a 2003331135 a8170337879 a9788170337874 aI-E-2003-331135; 68-13; 68-02 a(DLC) 2003331135 bLibrary of Congress -- New Delhi Overseas OfficecRs425.00 aDLCcoclcdDLC alcode aa-ii---an-us---00aDS422.C3bN35 2003 a305.800954bNAM/C aNamishray, Mohan Dass9293910aCaste and race :bcomparative study of BR Ambedkar and Martin Luther King /cMohan Dass Namishray. aJaipur :bRawat Publications,cc2003. a216 p. ;c23 cm. aIncludes bibliographical references and index. aOn comparing caste discrimination in India with racial discrimination in United States. 0aDalitszIndiaxGovernment policy. 0aSocial conflictzIndia. 0aRace discriminationzUnited States. 0aIndiaxEthnic relations. a7bcbccorigoded3encipf20gy-gencatlg 2ddccBKh305.800954iNAM/Ck305.800954mNAM/C